书目信息 |
| 题名: |
马克思生平事业年表
|
|
| 作者: | 阿多拉茨基, 主编 ;三联书店翻译组 译 | |
| 分册: | ||
| 出版信息: | 北京 生活·读书·新知三联书店 1977 |
|
| 页数: | 758页 | |
| 开本: | 20cm | |
| 丛书名: | ||
| 单 册: | ||
| 中图分类: | A713 | |
| 科图分类: | ||
| 主题词: | ||
| 电子资源: | ||
| ISBN: | ||
| 000 | 00808nam0 2200253 450 | |
| 001 | 1540021477 | |
| 005 | 20150121110755.14 | |
| 010 | @dCNY2.20 | |
| 091 | @a11002.479@dCNY2.20 | |
| 100 | @a20080403d1977 em y0chiy0121 ea | |
| 101 | 1 | @achi@crus |
| 102 | @aCN@b110000 | |
| 105 | @ay z 001yb | |
| 200 | 1 | @a马克思生平事业年表@9ma ke si sheng ping shi ye nian biao@e1818--1883@f(苏) 弗·阿多拉茨基主编@g本社翻译组译 |
| 210 | @a北京@c生活·读书·新知三联书店@d1977 | |
| 215 | @a758页@d20cm | |
| 306 | @a内部发行 | |
| 320 | @a有索引 | |
| 600 | 1 | @a马克思@bK.H.@f1818-1883@j年表 |
| 690 | @aA713@v5 | |
| 701 | 1 | @a阿多拉茨基,@9a duo la ci ji@g(Адоратского, В.)@4主编 |
| 711 | 02 | @a三联书店翻译组@9san lian shu dian fan yi zu@4译 |
| 801 | 0 | @aCN@bTSSF@c20150121 |
| 905 | @aZUCC@dA713@eJY7 | |
| 马克思生平事业年表:1818--1883/(苏) 弗·阿多拉茨基主编/本社翻译组译.-北京:生活·读书·新知三联书店,1977 |
| 758页;20cm |
| ISBN :CNY2.20 |
| ● |
| 相关链接 |
|
|
|
|
正题名:马克思生平事业年表
索取号:A713/JY7
 
预约/预借
| 序号 | 登录号 | 条形码 | 馆藏地/架位号 | 状态 | 备注 |
| 1 | 7856664 | 278566641 | 学院路分馆/ [索取号:A713/JY7] | 在馆 |